Disney Lyrics 20 Quiz Stats

 Plays Quiz not verified by Sporcle

Challenge
Share
Tweet
Embed
Score 0/115 Timer 10:00
0 Plays Today
Lyrics % Correct
a
99%
the
99%
a
99%
and
99%
the
99%
the
99%
a
99%
the
99%
and
99%
the
99%
the
99%
and
99%
the
99%
and
99%
the
99%
you
90.7%
you
90.7%
it
87%
be
86%
in
84.3%
to
83.3%
can
79.7%
can
79.7%
as
70.3%
as
70.3%
as
70.3%
as
70.3%
as
70.3%
As
70.3%
as
70.3%
as
70.3%
as
70.3%
as
70.3%
as
70.3%
as
70.3%
as
70.3%
as
70.3%
as
70.3%
as
70.3%
Lyrics % Correct
as
70.3%
as
70.3%
as
70.3%
Then
69.7%
will
67.7%
were
67.3%
Just
65%
one
65%
just
65%
just
65%
time
64.7%
time
64.7%
time
64.7%
time
64.7%
Tale
61%
old
61%
Tale
61%
old
61%
old
61%
Tale
61%
old
61%
old
61%
Tale
61%
old
61%
old
61%
little
60.3%
little
60.3%
song
59.7%
Song
59.7%
Song
59.7%
Beauty
59.3%
Beast
59.3%
Beauty
59.3%
Beast
59.3%
Beauty
59.3%
Beast
59.3%
True
59%
somebody
58.3%
say
58.3%
Lyrics % Correct
sun
58.3%
sun
58.3%
bends
57.7%
rhyme
57.7%
rhyme
57.7%
friends
57.3%
Ever
57.3%
Ever
57.3%
Ever
57.3%
Ever
57.3%
even
57%
change
57%
change
57%
rise
56.7%
Barely
56.3%
Unexpectedly
56.3%
least
56.3%
Small
55.7%
Neither
55.7%
prepared
55.7%
scared
55.3%
east
55.3%
Both
55%
sure
54.3%
before
54%
Rising
54%
same
53.3%
wrong
53.3%
surprise
52.7%
Tune
52.7%
Certain
52%
Finding
51.7%
strange
51.3%
Learning
51%
Bittersweet
48.7%
Beauty and the Beast
44.3%
Beauty and the Beast
44.3%

You're not logged in!

Compare scores with friends on all Sporcle quizzes.
OR
Log In

You Might Also Like...

Show Comments

Extras

Created Oct 20, 2011ReportNominate
Tags:Disney Quiz

Top Quizzes Today


Score Distribution

Your Account Isn't Verified!

In order to create a playlist on Sporcle, you need to verify the email address you used during registration. Go to your Sporcle Settings to finish the process.

Report this User

Report this user for behavior that violates our Community Guidelines.

Details: